00602nam a2200205 a 450000100060000000300080000600500170001400800410003102000150007203500190008704000270010604100080013308200260014124500660016726000580023330000290029150400300032065000250035070000210037565794BD-RjUL20211209081450.0170312r19961993njua b 001 0 eng  a8170293367 a(BD-RjUL)65924 aDLCcDLCdBD-RjULbeng aeng00a005.432223bCOF 199610aVijay Mukhi's Working with Unix /cKaushal Thakkar ...(et.al) aNew Delhi :bBPB publications,c1993 [reprinted 1996] a523 p. :bill. ;c24 cm. aBibliography: p. 361-364. aUNIX (Computer file) aThakkar, Kaushal